Zur Kenntnis des Polymorphismus der Bryozoen. Die Avicularien der Cheilostomata Anasca.

Saved in:
Bibliographic Details
Main Author: Silén, Lars, 1910-
Corporate Author: Uppsala universitet.
Format: Book Chapter
Language:German
Published: Uppsala, Almqvist & Wiksell, 1938.
Subjects:
Tags: Add Tag
No Tags, Be the first to tag this record!
LEADER 00782naa a2200241K 4500
001 005393142-4
005 20020606163548.3
008 941221s1938 sw af b 000 0 ger d
035 0 |a ocm31729162 
040 |a RBN  |c RBN  |d HMZ 
090 |a QL398.C5  |b S5 
100 1 |a Silén, Lars,  |d 1910- 
245 1 0 |a Zur Kenntnis des Polymorphismus der Bryozoen.  |b Die Avicularien der Cheilostomata Anasca. 
260 |a Uppsala,  |b Almqvist & Wiksell,  |c 1938. 
300 |a 150-366 p.  |b illus., 18 plates.  |c 26 cm. 
502 |a Inaug.-Diss.--Uppsala. 
504 |a Bibliography: p. [356]-359. 
650 0 |a Anasca. 
650 0 |a Bryozoa. 
710 2 |a Uppsala universitet.  |t Zoologiska Bidrag fran Uppsala. 
773 0 |t Uppsala. Zool. Bidrag.  |g Bd. 17. [149]-366. 1938. 
988 |a 20020608 
906 |0 OCLC